[Event "Sherbrooke Perpetuelles 06-10"]
[Site "Sherbrooke"]
[Date "2003.08.08"]
[Round "4"]
[White "Morin, Laurent"]
[Black "Viens, Nicolas"]
[Result "1-0"]
[WhiteElo "851"]
[BlackElo "1239"]
[PlyCount "67"]
[EventDate "2003.07.??"]
[EventType "swiss"]
[EventRounds "5"]
[EventCountry "CAN"]
[SourceTitle "EXT 2006"]
[Source "ChessBase"]
[SourceDate "2005.11.24"]
[SourceVersion "1"]
[SourceVersionDate "2005.11.24"]
[SourceQuality "1"]

1. e4 e5 2. Nf3 d6 3. h3 Nf6 4. Nc3 c6 5. d4 exd4 6. Qxd4 c5 7. Qd3 Nc6 8. Bf4 Be6 9. 0-0-0 Nb4 10. Qb5+ Bd7 11. Qe2 Be7 12. a3 Nc6 13. Nb5 0-0 14. Bxd6 Ne8 15. e5 a6 16. Nc3 Nxd6 17. exd6 Bf6 18. Nd5 Nd4 19. Qc4 b6 20. Nc7 Bb5 21. Qd5 Ra7 22. Nxb5 axb5 23. Nxd4 Bxd4 24. Bxb5 Qf6 25. c3 Be5 26. d7 Rd8 27. Rhe1 Bf4+ 28. Kc2 Qg6+ 29. Kb3 c4+ 30. Ka2 h6 31. Re8+ Rxe8 32. dxe8Q+ Kh7 33. Qdd8 h5 34. Qh8# 1-0

[Event "Sherbrooke Perpetuelles 06-10"]
[Site "Sherbrooke"]
[Date "2003.08.01"]
[Round "3"]
[White "Morin, Laurent"]
[Black "Morin, Louis"]
[Result "1-0"]
[WhiteElo "851"]
[BlackElo "1010"]
[PlyCount "110"]
[EventDate "2003.07.??"]
[EventType "swiss"]
[EventRounds "5"]
[EventCountry "CAN"]
[SourceTitle "EXT 2006"]
[Source "ChessBase"]
[SourceDate "2005.11.24"]
[SourceVersion "1"]
[SourceVersionDate "2005.11.24"]
[SourceQuality "1"]

1. e4 e5 2. Nf3 Nc6 3. g3 Nf6 4. d3 Be7 5. Be2 d5 6. Nbd2 b6 7. 0-0 Ba6 8. b4 d4 9. c4 Bxb4 10. a3 Be7 11. h3 0-0 12. Nh2 b5 13. Rb1 bxc4 14. Nxc4 Bxc4 15. dxc4 Nxe4 16. Qd3 Nc3 17. Ra1 Nxe2+ 18. Qxe2 d3 19. Qe4 Nd4 20. Qxd3 Rb8 21. f4 Bc5 22. Kh1 Rb3 23. Qe4 f5 24. Qxe5 Bb6 25. Rd1 Re8 26. Qd5+ Qxd5+ 27. cxd5 Ne2 28. Nf1 Re4 29. Nd2 Nc3 30. Rf1 Ne2 31. Nxe4 fxe4 32. Re1 Nxg3+ 33. Kh2 Bf2 34. Rd1 e3 35. Bd2 e2 36. Rdc1 Rb2 37. Be1 Nf1+ 38. Kh1 Be3 39. Rxc7 Bd2 40. Re7 Bxe1 41. Rxe1 g5 42. fxg5 Kf8 43. Re6 Kf7 44. Kg1 Ng3 45. Kf2 Nh1+ 46. Kf3 Rb3+ 47. Re3 Rxe3+ 48. Kxe3 Ng3 49. Kf3 Nf5 50. Kxe2 Nd4+ 51. Kd1 Nb5 52. Re3 Nd4 53. d6 Nf5 54. Rd3 Ke8 55. Kd2 Kd7 1-0

[Event "Sherbrooke Perpetuelles 01-05"]
[Site "Sherbrooke"]
[Date "2003.06.06"]
[Round "1"]
[White "Morin, Laurent"]
[Black "Thomsen, Gunther"]
[Result "0-1"]
[WhiteElo "896"]
[BlackElo "1116"]
[PlyCount "56"]
[EventDate "2003.06.??"]
[EventType "swiss"]
[EventRounds "5"]
[EventCountry "CAN"]
[SourceTitle "EXT 2006"]
[Source "ChessBase"]
[SourceDate "2005.11.24"]
[SourceVersion "1"]
[SourceVersionDate "2005.11.24"]
[SourceQuality "1"]

1. e4 c5 2. Nf3 d6 3. c3 Nc6 4. Bb5 Qc7 5. Bxc6+ Qxc6 6. d4 Qxe4+ 7. Qe2 Qg6 8. Nh4 Qf6 9. Be3 Qxh4 10. Qb5+ Bd7 11. Qxb7 Rc8 12. Qxa7 cxd4 13. Qxd4 Qxd4 14. Bxd4 e5 15. Be3 Nf6 16. 0-0 h5 17. Nd2 h4 18. h3 Nd5 19. Ne4 f5 20. Nd2 f4 21. Rfe1 fxe3 22. fxe3 g5 23. e4 Nf4 24. Re3 g4 25. hxg4 Bxg4 26. Kf2 Bh6 27. Ree1 Nd3+ 28. Kg1 Nxe1 0-1